000
00312nam a22001337a 4500
008
170310b xxu||||| |||| 00| 0 eng d
020
_a
0889857X
041
_a
eng
080
_a
616.073
100
_a
7
101
_a
SHM
245
_a
RHEUMATIC DISEASE CLINICS OF NORTH AMERICA
_c
MILLER, F.W
942
_2
udc
_c
BK
999
_c
7448
_d
7448